[Event "RUS-chT U20"]
[Site "Kaliningrad"]
[Date "2013.08.10"]
[Round "9"]
[White "Alieva, Alexandra"]
[Black "Zhuravleva, Irina"]
[Result "1-0"]
[WhiteElo "1964"]
[BlackElo "1621"]
[PlyCount "51"]
[EventDate "2013.08.02"]
[EventType "team-swiss"]
[EventRounds "9"]
[EventCountry "RUS"]
[SourceTitle "EXT 2018"]
[Source "ChessBase"]
[SourceDate "2017.10.13"]
[SourceVersion "1"]
[SourceVersionDate "2017.10.13"]
[SourceQuality "1"]

1. e4 c5 2. Nf3 d6 3. c3 Nf6 4. h3 Nxe4 5. Qa4+ Nc6 6. Qxe4 d5 7. Qh4 g6 8. Bb5 Bd7 9. 0-0 Bg7 10. d4 cxd4 11. cxd4 Nb4 12. Bxd7+ Qxd7 13. Na3 0-0 14. Bh6 Bf6 15. Bg5 Bxg5 16. Qxg5 Kg7 17. Rfe1 f6 18. Qd2 Nc6 19. Nb5 e5 20. dxe5 Nxe5 21. Nxe5 fxe5 22. Nc3 d4 23. Rxe5 Qf7 24. Qxd4 Kg8 25. Rae1 Rad8 26. Nd5 1-0

[Event "RUS-chT U20"]
[Site "Kaliningrad"]
[Date "2013.08.08"]
[Round "7"]
[White "Povarennykh, Lidia"]
[Black "Zhuravleva, Irina"]
[Result "1/2-1/2"]
[WhiteElo "1729"]
[BlackElo "1621"]
[PlyCount "80"]
[EventDate "2013.08.02"]
[EventType "team-swiss"]
[EventRounds "9"]
[EventCountry "RUS"]
[SourceTitle "EXT 2018"]
[Source "ChessBase"]
[SourceDate "2017.10.13"]
[SourceVersion "1"]
[SourceVersionDate "2017.10.13"]
[SourceQuality "1"]

1. e4 c5 2. c3 Nf6 3. e5 Nd5 4. d4 cxd4 5. cxd4 Nc6 6. Bc4 Nb6 7. Bb3 e6 8. Nf3 d6 9. 0-0 Be7 10. Nc3 a6 11. Be3 0-0 12. a3 Qc7 13. Qc2 Rd8 14. Ne4 dxe5 15. dxe5 Nd5 16. Neg5 g6 17. Bxd5 exd5 18. Rac1 Bf5 19. Qb3 b5 20. Nd4 Nxd4 21. Rxc7 Nxb3 22. Rxe7 Rd7 23. Rxd7 Bxd7 24. Rd1 Bc6 25. Rd3 Na5 26. b3 Rc8 27. Bb6 Bd7 28. h4 Bf5 29. Rf3 Nc6 30. Re3 d4 31. Re1 Nxe5 32. Rxe5 f6 33. Rd5 fxg5 34. Rxd4 gxh4 35. Rxh4 Rc3 36. Rd4 Rxb3 37. Rd8+ Kg7 38. Bc5 a5 39. Kh2 h5 40. Ra8 a4 1/2-1/2